| 000 -LEADER |
| fixed length control field |
00433nam a22001457a 4500 |
| 003 - CONTROL NUMBER IDENTIFIER |
| control field |
LRUA |
| 005 - DATE AND TIME OF LATEST TRANSACTION |
| control field |
20231107202146.0 |
| 008 - FIXED-LENGTH DATA ELEMENTS--GENERAL INFORMATION |
| fixed length control field |
231107b xxu||||| |||| 00| 0 eng d |
| 040 ## - CATALOGING SOURCE |
| Transcribing agency |
FAO |
| 082 ## - DEWEY DECIMAL CLASSIFICATION NUMBER |
| Edition number |
FAO SCH 2017 C011 Or. |
| 245 ## - TITLE STATEMENT |
| Title |
SCHOOL GARDENING AND NUTRITION EDUCATION TEACHER'S GUIDE FOR GRADE 5 |
| 260 ## - PUBLICATION, DISTRIBUTION, ETC. (IMPRINT) |
| Place of publication, distribution, etc. |
Phnom Penh |
| Name of publisher, distributor, etc. |
FAO SND AGRICUTURE ORGANIZATION OF THE UNITED NATIONS |
| Date of publication, distribution, etc. |
2017 |
| 300 ## - PHYSICAL DESCRIPTION |
| Extent |
VII.40P |
| 942 ## - ADDED ENTRY ELEMENTS (KOHA) |
| Source of classification or shelving scheme |
|
| Koha item type |
សៀវភៅភាសាអង់គ្លេស |